| 000 | 00662nam a2200253Ia 4500 | ||
|---|---|---|---|
| 003 | OSt | ||
| 005 | 20220912151119.0 | ||
| 006 | a|||||r|||| 00| 0 | ||
| 007 | ta | ||
| 008 | 220909b |||||||| |||| 00| 0 eng d | ||
| 024 | _a14093 | ||
| 037 | _cTextual | ||
| 040 |
_aCSL _beng _cCSL |
||
| 041 | _aeng | ||
| 082 | _aB316, M3;1 | ||
| 100 | _aMurdeshwar | ||
| 245 | 0 | _aGeneral topology | |
| 260 | _c1983 | ||
| 300 |
_aviii,351p. _ccm. |
||
| 500 |
_aAppendix 343-347p. _ccm.; Bibliography 349-350p. _ccm.; Bibliographical references 351p. _ccm. |
||
| 650 | _aTopology | ||
| 942 |
_hB316, M3;1 _cTEXL _2CC |
||
| 999 |
_c61583 _d61583 |
||